[Event "Styrian op U14/18 26th"]
[Site "Mureck"]
[Date "2019.08.06"]
[Round "7"]
[White "Frank, Michael"]
[Black "Ebner, Moritz"]
[Result "0-1"]
[WhiteElo "1159"]
[BlackElo "1131"]
[PlyCount "68"]
[EventDate "2019.07.31"]
[EventType "swiss"]
[EventRounds "9"]
[EventCountry "AUT"]
[SourceTitle "EXT 2020"]
[Source "ChessBase"]
[SourceDate "2019.10.17"]
[SourceVersion "1"]
[SourceVersionDate "2019.10.17"]
[SourceQuality "1"]

1. d4 d5 2. c4 e6 3. Nf3 Nc6 4. g3 Nf6 5. Bg2 Be7 6. 0-0 0-0 7. Bf4 Ne4 8. Nc3 Nxc3 9. bxc3 a6 10. cxd5 exd5 11. Ne5 Nxe5 12. Bxe5 Bg4 13. Qc2 c6 14. Rab1 Qd7 15. Qd2 b5 16. Rfe1 Bh3 17. e4 Bxg2 18. Kxg2 Bd6 19. Bxd6 Qxd6 20. e5 Qd7 21. Qe3 Rfe8 22. Re2 Re7 23. Rbe1 Rae8 24. h3 Re6 25. f4 f5 26. g4 g6 27. gxf5 gxf5 28. Qg3+ Rg6 29. e6 Qd6 30. Re5 Rxg3+ 31. Kxg3 Kg7 32. Rxf5 Rxe6 33. Rg1 Rg6+ 34. Rg5 Rxg5+ 0-1

[Event "Styrian op U14/18 25th"]
[Site "Mureck"]
[Date "2018.08.09"]
[Round "9"]
[White "Haas, Sebastian"]
[Black "Frank, Michael"]
[Result "0-1"]
[WhiteElo "810"]
[BlackElo "1174"]
[PlyCount "102"]
[EventDate "2018.08.01"]
[EventType "swiss"]
[EventRounds "9"]
[EventCountry "AUT"]
[SourceTitle "CBM 186 Extra"]
[Source "ChessBase"]
[SourceDate "2018.08.24"]
[SourceVersion "1"]
[SourceVersionDate "2018.08.24"]
[SourceQuality "1"]

1. e4 c5 2. d3 d6 3. Nf3 Nc6 4. d4 cxd4 5. Bb5 Bd7 6. Bxc6 Bxc6 7. e5 dxe5 8. Nxe5 Qa5+ 9. c3 Qxe5+ 10. Qe2 Qxe2+ 11. Kxe2 Nf6 12. cxd4 e6 13. Nc3 Bb4 14. Bg5 Ne4 15. Nxe4 Bxe4 16. f3 Bd5 17. Bd2 Bxd2 18. Kxd2 Rc8 19. Rac1 Ke7 20. Rxc8 Rxc8 21. Rc1 Rxc1 22. Kxc1 Bxa2 23. Kc2 Bd5 24. b4 Kd6 25. Kc3 Kc6 26. h4 b6 27. Kd3 a5 28. bxa5 bxa5 29. Kc3 Kb5 30. h5 a4 31. Kc2 a3 32. Kb1 Bc4 33. g4 Be2 34. Ka2 Bxf3 35. g5 Bxh5 36. Kxa3 f5 37. Kb3 f4 38. Kc3 f3 39. g6 hxg6 40. Kd3 g5 41. Ke3 Kc4 42. d5 exd5 43. Kf2 Kd4 44. Kg3 Ke3 45. Kh2 f2 46. Kg2 Ke2 47. Kg3 f1Q 48. Kh2 Qf4+ 49. Kh3 Bg4+ 50. Kg2 Qf2+ 51. Kh1 Bf3# 0-1

[Event "Styrian op U14/18 25th"]
[Site "Mureck"]
[Date "2018.08.03"]
[Round "3"]
[White "Wendl, Paul"]
[Black "Frank, Michael"]
[Result "1-0"]
[WhiteElo "1377"]
[BlackElo "1174"]
[PlyCount "93"]
[EventDate "2018.08.01"]
[EventType "swiss"]
[EventRounds "9"]
[EventCountry "AUT"]
[SourceTitle "CBM 186 Extra"]
[Source "ChessBase"]
[SourceDate "2018.08.24"]
[SourceVersion "1"]
[SourceVersionDate "2018.08.24"]
[SourceQuality "1"]

1. e4 c6 2. Nc3 d5 3. Nf3 Bg4 4. h3 Bh5 5. Be2 Nd7 6. 0-0 e6 7. exd5 cxd5 8. d4 Ngf6 9. Re1 Be7 10. Nh2 Bg6 11. Bd3 Bxd3 12. Qxd3 0-0 13. Re3 Bd6 14. Nf3 Nb6 15. Nb5 Bb8 16. Ne5 Bxe5 17. Rxe5 Nc4 18. Re2 Qb6 19. a4 a6 20. Na3 Rac8 21. b3 Nd6 22. c4 Nf5 23. c5 Qb4 24. Nc2 Qa5 25. b4 Qc7 26. Be3 Ne4 27. Bd2 Nxd2 28. Rxd2 Qf4 29. Ne3 Qe4 30. Qxe4 dxe4 31. Nxf5 exf5 32. d5 Rfd8 33. d6 Kf8 34. Rd5 g6 35. a5 Rc6 36. Rad1 f6 37. Kf1 Kf7 38. Ke2 Ke6 39. Ke3 g5 40. g4 fxg4 41. hxg4 Rcc8 42. Kxe4 Rh8 43. f4 Rcg8 44. d7 Rd8 45. fxg5 fxg5 46. Rxg5 Rxd7 47. Re5+ 1-0

[Event "Styrian op U14/16 24th"]
[Site "Mureck"]
[Date "2017.08.06"]
[Round "5"]
[White "Frank, Michael"]
[Black "Lackner, Lorenz"]
[Result "0-1"]
[WhiteElo "1187"]
[BlackElo "1535"]
[PlyCount "146"]
[EventDate "2017.08.02"]
[EventType "swiss"]
[EventRounds "9"]
[EventCountry "AUT"]
[SourceTitle "EXT 2019"]
[Source "ChessBase"]
[SourceDate "2018.10.10"]
[SourceVersion "1"]
[SourceVersionDate "2018.10.10"]
[SourceQuality "1"]

1. d4 f5 2. c4 g6 3. Nc3 Bg7 4. Nf3 d6 5. Bf4 Nf6 6. e3 0-0 7. Bd3 Nbd7 8. 0-0 Qe8 9. Re1 e5 10. Bg3 e4 11. Nb5 Qd8 12. Ng5 Nb6 13. Bc2 Nxc4 14. Bb3 d5 15. Bxc4 dxc4 16. Nxc7 Nd5 17. Nge6 Qe7 18. Nxd5 Qxe6 19. Nc7 Qe7 20. Nxa8 g5 21. h3 f4 22. Bh2 Be6 23. Qc2 Bd5 24. Rac1 Rxa8 25. Qe2 f3 26. gxf3 exf3 27. Qc2 Qe6 28. Kh1 Qxh3 29. Rg1 Qh4 30. Rg3 Rf8 31. Rcg1 h6 32. Qg6 Rf6 33. Qe8+ Kh7 34. Qc8 Be6 35. Qxb7 Bh3 36. Rxf3 Rb6 37. Qc7 Qe4 38. Qg3 g4 39. Qf4 Qxf3+ 40. Qxf3 gxf3 41. Be5 Bxe5 42. dxe5 Bg2+ 43. Kh2 Re6 44. Rc1 Rxe5 45. Rxc4 Rb5 46. b4 a5 47. a3 axb4 48. axb4 Rb6 49. Rg4 h5 50. Rf4 Kg6 51. Kg3 Kg5 52. e4 Rh6 53. Rf5+ Kg6 54. Kh4 Rh7 55. b5 Re7 56. Rg5+ Kf7 57. Kxh5 Rxe4 58. Kh6 Re6+ 59. Kh7 Rf6 60. Rg7+ Ke8 61. Rb7 Bf1 62. b6 Ba6 63. Rb8+ Kd7 64. b7 Kc7 65. Kg7 Rd6 66. Rf8 Bxb7 67. Rf7+ Kb6 68. Rf6 Rxf6 69. Kxf6 Kc5 70. Ke5 Kc4 71. Kf4 Kd3 72. Kg4 Ke2 73. Kg3 Kf1 0-1

[Event "Styrian op U14/16 23rd"]
[Site "Mureck"]
[Date "2016.08.05"]
[Round "3"]
[White "Pernerstorfer, Max"]
[Black "Frank, Michael"]
[Result "1-0"]
[WhiteElo "1447"]
[BlackElo "1045"]
[PlyCount "59"]
[EventDate "2016.08.03"]
[EventType "swiss"]
[EventRounds "9"]
[EventCountry "AUT"]
[SourceTitle "CBM 174 Extra"]
[Source "ChessBase"]
[SourceDate "2016.10.10"]
[SourceVersion "1"]
[SourceVersionDate "2016.10.10"]
[SourceQuality "1"]

1. e4 c6 2. d4 d5 3. Nd2 dxe4 4. Nxe4 Nf6 5. Nxf6+ exf6 6. Nf3 Bg4 7. Be2 Bd6 8. 0-0 0-0 9. Be3 Bc7 10. c3 Qd6 11. g3 Nd7 12. Nd2 Bf5 13. Bf3 Rfe8 14. Bf4 Ne5 15. dxe5 fxe5 16. Be3 e4 17. Bg2 Rad8 18. Qa4 a6 19. Nxe4 Bxe4 20. Bxe4 b5 21. Qc2 Qe6 22. Bxh7+ Kf8 23. Bf5 Qf6 24. Bh3 Qg6 25. Qxg6 fxg6 26. Rad1 Kf7 27. Bg2 Rh8 28. Bxc6 Rh7 29. Rxd8 Bxd8 30. Rd1 1-0